000 00435nam a2200157Ia 4500
008 240729s9999 xx 000 0 und d
022 _a2949-9178
245 0 _aJournal of Alloys and Metallurgical Systems
260 _aNetherlands
260 _bElsevier
650 _a Mining engineering. Metallurgy
650 _aTechnology
856 _uhttps://doaj.org/toc/3ef1e89bbdef433faaea4d5de2aa71db
942 _2ddc
942 _cDOAJEJ
999 _c72347
_d72347
945 _a1
_bMadushi Gamage
_c1
_dMadushi Gamage